| 000 | 00553nam a2200121Ia 4500 | ||
|---|---|---|---|
| 008 | 220620s9999||||xx |||||||||||||| ||und|| | ||
| 245 | 4 |
_aThe Politics of Uncertainty _bChallenges of Transformation |
|
| 546 | _aEnglish[eng] | ||
| 650 | _apolitics||finance||banking||insurance||technology||climate change||natural disasters||disease||migration||crime and security||spirituality||religion||risk management | ||
| 700 | _aScoones, Ian||Stirling, Andy | ||
| 856 | _uhttps://library.oapen.org/bitstream/20.500.12657/39938/1/9780367903374_text.pdf | ||
| 942 | _cEB | ||
| 999 |
_c33207 _d33207 |
||